| 000 | 00329nam a22001217a 4500 | ||
|---|---|---|---|
| 008 | 160504b xxu||||| |||| 00| 0 eng d | ||
| 020 | _a9780781762106 | ||
| 020 | _a0781762103 | ||
| 041 | _aeng | ||
| 080 | _a618.2 | ||
| 245 |
_aMedical dictionary for the health professions and nursing: _cIllustrated th Edition; |
||
| 942 |
_2udc _cBK |
||
| 999 |
_c1794 _d1794 |
||